រឿង កាកី​ / (Record no. 6281)

MARC details
000 -LEADER
fixed length control field 02040nam a22002537a 4500
001 - CONTROL NUMBER
control field 6281
003 - CONTROL NUMBER IDENTIFIER
control field FISKH
005 - DATE AND TIME OF LATEST TRANSACTION
control field 20250509122122.0
008 - FIXED-LENGTH DATA ELEMENTS--GENERAL INFORMATION
fixed length control field 250408b cb ||||| |||| 00| 0 eng d
040 ## - CATALOGING SOURCE
Original cataloging agency FISKH
Language of cataloging khr
Transcribing agency FISKH
Modifying agency FISKH
050 ## - LIBRARY OF CONGRESS CALL NUMBER
Classification number PZ7
082 ## - DEWEY DECIMAL CLASSIFICATION NUMBER
Classification number 800
100 ## - MAIN ENTRY--PERSONAL NAME
Personal name Doung
245 ## - TITLE STATEMENT
Title រឿង កាកី​ /
Statement of responsibility, etc. និពន្ធដោយព្រះបាទអង្គឌួង
260 ## - PUBLICATION, DISTRIBUTION, ETC.
Place of publication, distribution, etc. ភ្នំពេញ :
Date of publication, distribution, etc. 2005​ .
300 ## - PHYSICAL DESCRIPTION
Extent 44 pages :
Other physical details illustrations ;
Dimensions 20 cm .
520 ## - SUMMARY, ETC.
Summary, etc. ព្រះបាទព្រហ្មទត្ត ជាស្តេចសោយរាជ្យនៅនគរពារាណសី​ជាស្វាមីរបស់នាងកាកី ។​ នាងកាកីជាស្រីចិត្តមិនស្មោះនាងបានចាប់ចិត្តស្រលាញ់គ្រុឌដែលជាបុរសសង្ហារ។ ក្រោយមកទៀតនាងក៏ស្រលាញ់បុរសម្នាក់ទៀត ធ្វើអោយ​គ្រុឌខឺងយ៉ាងខ្លាំង ក៏យកនាងទៅប្រគល់អោយព្រះបាទព្រហ្មទត្តវិញ ដោយភាពមិនស្មោះត្រង់ ទ្រង់ក៏យកនាងទៅចងលើក្បូនហើយបណ្តែតនាងតាមទឹករហូតលង់ទឺកស្លាប់ ។
520 ## - SUMMARY, ETC.
Summary, etc. King Brahmadatta, the king of Varanasi, was the husband of Kaki. Kaki was a disloyal woman who fell in love with Kruda, a handsome man.<br/>Later, she fell in love with another man, which made him very angry. He took her back to King Brahmadatta, who was unfaithful. He tied her to a raft and floated her down the river until she drowned.
650 ## - SUBJECT ADDED ENTRY--TOPICAL TERM
Topical term or geographic name entry element កាកី
Form subdivision អក្សរសិល្ប៏​ខ្មែរបុរាណ
650 ## - SUBJECT ADDED ENTRY--TOPICAL TERM
Topical term or geographic name entry element Kakey
Form subdivision Khmer Literature
700 ## - ADDED ENTRY--PERSONAL NAME
Personal name Ratana , Kleung
Relator term Illustrater
942 ## - ADDED ENTRY ELEMENTS (KOHA)
Source of classification or shelving scheme Dewey Decimal Classification
Koha item type Khmer Books
Suppress in OPAC No
Holdings
Withdrawn status Lost status Source of classification or shelving scheme Damaged status Not for loan Collection Home library Current library Shelving location Date acquired Total Checkouts Full call number Barcode Date last seen Copy number Price effective from Koha item type
    Dewey Decimal Classification     Khmer Language Books / សៀវភៅភាសាខ្មែរ Footprints International School Library Network Toul Tom Poung Campus Footprints International School Library Network Toul Tom Poung Campus TTP Secondary Khmer Bookshelves 04/08/2025   LEA PZ7 800 2025-1008 04/08/2025 1 04/08/2025 Books
    Dewey Decimal Classification     Khmer Language Books / សៀវភៅភាសាខ្មែរ Footprints International School Library Network Toul Tom Poung Campus Footprints International School Library Network Toul Tom Poung Campus TTP Secondary Khmer Bookshelves 05/09/2025   LEA PZ7 800 FISSE01660 05/09/2025 2 05/09/2025 Books